Pohľady na slovenskú bezpečnosť v súvislosti so vstupom do Európskej únie
Historický vývoj teórie bezpečnosti. Zahraničná politika Slovenska po vstupe do EÚ a NATO, spolupodieľanie sa na tvorbe bezpečnosti nielen v euroatlantickom priestore, ale prakticky všade na svete. Zodpovednosť Slovenska vo vzťahoch s východnými susedmi. Zmeny v Ruskej federácii. Čím väčší dôraz bud...
Saved in:
| Main Author: | |
|---|---|
| Other Authors: | |
| Format: | Book Chapter |
| Language: | Slovak |
| Subjects: | |
| Tags: |
No Tags, Be the first to tag this record!
|
MARC
| LEADER | 00000naa$a2200000$$$4500 | ||
|---|---|---|---|
| 001 | 0052976 | ||
| 005 | 20240502071618.0 | ||
| 041 | 0 | |a slo | |
| 044 | |a SK | ||
| 245 | 1 | 0 | |a Pohľady na slovenskú bezpečnosť v súvislosti so vstupom do Európskej únie |c Andrej Eštvaník, Marek Csabay |
| 520 | |a Historický vývoj teórie bezpečnosti. Zahraničná politika Slovenska po vstupe do EÚ a NATO, spolupodieľanie sa na tvorbe bezpečnosti nielen v euroatlantickom priestore, ale prakticky všade na svete. Zodpovednosť Slovenska vo vzťahoch s východnými susedmi. Zmeny v Ruskej federácii. Čím väčší dôraz bude Moskva klásť na udržanie bezpečnosti vo svojom regióne, tým jednoduchšie bude pre Slovensko plniť si svoje povinnosti. | ||
| 610 | 2 | 0 | |a vzťahy medzinárodné |
| 610 | 2 | 0 | |a systémy bezpečnostné |
| 610 | 2 | 0 | |a Slovensko |
| 610 | 2 | 0 | |a Spoločenstvo nezávislých štátov |
| 100 | 1 | |a Eštvaník, Andrej | |
| 700 | 1 | |a Csabay, Marek | |